Statistiken für Berühmte Deutsche

Klicken Sie hier um das Quiz zu spielen!

Allgemein

  • Dieses Quiz wurde 106 mal gespielt
  • Das Durchschnittsergebnis liegt bei 10 aus 15

Antwortstatistiken

Antwort% Korrekt
Angela Merkel
100%
Albert Einstein
96%
Ludwig van Beethoven
89%
Otto von Bismarck
84%
Martin Luther
83%
Karl Marx
82%
Konrad Adenauer
82%
Johann Wolfgang von Goethe
78%
Johann Sebastian Bach
77%
Wilhelm II.
71%
Willy Brandt
67%
Friedrich Schiller
63%
Johannes Brahms
31%
Johannes Gutenberg
27%
Max Planck
11%

Verteilung der Resultate

Perzentil nach korrekt beantworteten Fragen

Anzahl Personen mit jedem Resultat

Ihre Resultats-Entwicklung

Sie haben dieses Quiz noch nicht gespielt